00828nam a2200193 i 4500001000700000003000900007005001700016008004100033100003100074245017200105260007600277300002800353530003500381650002200416650004000438700003200478852003500510856008900545155496ES-MaACL20250727062614.0940202s1880 sp |||| | spa d1 aHitze, Franz (d1851-1922)13aEl problema social y su solución / ctres discursos de F. Hitze (versión del alemán) ; obra precedida de un estudio sobre el mismo asunto por J.M. Ortí y Lara. aMadrid : bLibreria de San José, c1880 (fImp. de F. Maroto e Hijos) aLXXI, 473 p. ; c20 cm. aDisponible en formato digital.07aSocialismo2embne 7aIglesia y problemas sociales2embne1 aOrtí y Lara, Juan Manuel. aES-MaACLjD-1324 z- Enc. hol. uhttp://bdh-rd.bne.es/viewer.vm?id=0000191117&page=1 zBiblioteca Digital Hispánica